| 000 | 00390nam a2200121Ia 4500 | ||
|---|---|---|---|
| 008 | 160227s9999 xx 000 0 und d | ||
| 100 | _aFox, R. | ||
| 245 | _aInformation Technology An Introduction for Today’s Digital World / | ||
| 245 | _cR. Fox. | ||
| 260 | _c2013 | ||
| 650 | _xInformation Technology. | ||
| 856 | _uhttp://media.wix.com/ugd/f47560_938fb2679da740d1ac6aa1be2ce77d3d.pdf | ||
| 999 |
_c291027 _d291027 |
||